00494nam a2200085Ia 4500008004100000245002800041300027400069650000900343856005600352170517s9999 xx 000 0 und d aRip!: A Remix Manifesto aJoin filmmaker Brett Gaylor and mashup artist Girl Talk as they explore copyright and content creation in the digital age. In the process they dissect the media landscape of the 21st century and shatter the wall between users and producers. Creative Commons founder,... xArt. uhttp://topdocumentaryfilms.com/rip-remix-manifesto/